00873nam a2200229Ia 4500003000900000005001700009008004100026020001800067040002800085082002000113100003400133245014100167260003300308300002600341490002000367500002100387504002600408650007000434650007200504650003600576650003100612CO-ViMGA20230915233142.0160801s2009 ck a g 000 0 spa  a9789583008580 aCO-ViMGAbspacCO-ViMGA04a616.9792 bL86s1 aLuque Nuñez, Ricardod1959-13aEl sida : en primera personaben primera persona. Información y claves para el logro de acuerdos preventivosc Ricardo Luque Nïñez aBogotábPanamericanac2009 a187 p. :bil.c23 cm  aCiencia & Salud aIncluye índice aIncluye bibliopgrafia142LEMBaEnfermedades de transmisión sexual xAtención médica 142LEMBaEnfermedades de transmisión sexual xCuidado y tratamiento 142LEMBaSida xAspectos sociales 142LEMBaSida xPrevención